000 00738nam a2200289Ia 4500
005 20260324133958.0
008 008 260324s9999 xx 000 0 eng d
020 _a9780429221491
037 _aEBOOK
040 _aCRL
040 _beng
040 _cCRL
041 _2eng
041 _aeng
084 _qCRL
100 _aAnthony Lowman; Angela Dillow
_91195112
245 0 _aBiomimetic Materials And Design
245 0 _bBiointerfacial Strategies, Tissue Engineering And Targeted Drug Delivery
260 _bTaylor and Francis
260 _c2002
365 _a
365 _b565
856 _uhttp://www.taylorfrancis.com/books/9780429221491
942 _cEBOOK
999 _c1794709
_d1794709